000 00642nam a2200205 a 4500
005 20220823153044.0
008 060216s2004 mx r 000 0 spa d
020 _a9688535591
035 _aUPN01000142413
049 _aCG
050 4 _aRC489 L6
_bL8.3
100 1 _aLukas, Elisabeth S.
245 1 0 _aEquilibro y curación a través de la logoterapia /
_cElisabeth Lukas ; tr. Héctor Piquer.
260 _aMéxico :
_bPaidós,
_c2004.
300 _a224 p.
440 0 _aDivulgación/Autoayuda
534 _pTítulo original:
_tHeilungsgeschichten : wie logotherapie menschen hilft
650 7 _aLogoterapia
_2
_97050
905 _aLibro
999 _c114560
_d114560